Nâng cao năng lực hướng dẫn, tư vấn giáo dục của giáo viên Dành cho giáo viên trung học cơ sở

Trình bày nội dung các module THCS 7, THCS 8 trong chương trình bồi dưỡng thường xuyên cho giáo viên phổ thông về: nội dung và phương pháp hướng dẫn, tư vấn cho học sinh trung học cơ sở

Saved in:
Bibliographic Details
Main Author: Phạm Thanh Bình
Format: Book
Language:Vietnamese
Published: H. Giáo dục Đại học Sư phạm 2013
Series:Tài liệu bồi dưỡng phát triển năng lực nghề nghiệp giáo viên
Subjects:
Tags: Add Tag
No Tags, Be the first to tag this record!
Institutions: Mạng thư viện Đại học Đà Nẵng
LEADER 01664nam a2200361 4500
001 000024320
003 20806
005 20161201101239.0
008 161123s2013 viesd
020 |c 16000đ 
041 0 |a vie 
082 1 4 |a 373.14  |b PH-B 
100 1 |a Phạm Thanh Bình 
245 1 0 |a Nâng cao năng lực hướng dẫn, tư vấn giáo dục của giáo viên  |b Dành cho giáo viên trung học cơ sở  |c Phạm Thanh Bình 
260 |a H.  |b Giáo dục  |b Đại học Sư phạm  |c 2013 
300 |a 79 tr.  |b bảng  |c 24 cm. 
490 |a Tài liệu bồi dưỡng phát triển năng lực nghề nghiệp giáo viên 
500 |a ĐTTS ghi: Bộ Giáo dục và Đào tạo. Cục Nhà giáo và Cán bộ quản lí cơ sở giáo dục 
504 |a Thư mục cuối mỗi phần 
520 3 |a Trình bày nội dung các module THCS 7, THCS 8 trong chương trình bồi dưỡng thường xuyên cho giáo viên phổ thông về: nội dung và phương pháp hướng dẫn, tư vấn cho học sinh trung học cơ sở 
650 0 4 |a Giáo dục trung học  |v Tài liệu tham khảo  |x Tư vấn 
653 |a Giáo dục trung học cơ sở 
653 |a Tư vấn 
OWN |a LSP 
AVA |a UDN50  |b LSP  |d 373.14 PH-B  |e available  |t Error 5001 Not defined in file expand_doc_bib_avail.  |f 10  |g 0  |h N  |i 0  |k 1 
999 |a From the UDN01 
AVA |a UDN50  |b LSP  |d 373.14 PH-B  |e available  |t Error 5001 Not defined in file expand_doc_bib_avail.  |f 10  |g 0  |h N  |i 0  |k 1 
TYP |a Monograph 
TYP |a Printed language 
980 |a Mạng thư viện Đại học Đà Nẵng